000 00480nam a2200133Ia 4500
008 191111s9999 xx 000 0 und d
020 _a9781138822344
100 _aEckert, Lisa Schade.
245 _cLisa Schade Eckert.--
_aLiteracy teaching and learning in rural communities :
_bproblematizing stereotypes, challenging myths /
260 _aUSA :
_bRoutledge
_c2015
300 _axix, 144 pages.
650 _aLiteracy -- social aspects
650 _aLiteracy -- study and teaching
999 _c362697
_d362697